| 000 | 00916nam a2200253 i 4500 | ||
|---|---|---|---|
| 001 | 43307 | ||
| 003 | ES-MaACL | ||
| 005 | 20250829070139.0 | ||
| 007 | t| | ||
| 008 | 030317s1957 sp ||||1| spa d | ||
| 100 | 1 |
_aCatalina _bII _cEmperatriz de Rusia. _937041 |
|
| 245 | 1 | 0 |
_aMemorias de la Emperatriz Catalina la Grande / _c[introducción, epílogo y notas de Jesús García Tolsá ; traducción de Manuel Bosch Barrett y Teresa Dini]. |
| 260 |
_aBarcelona : _bMateu, _c[1957] |
||
| 300 |
_a365 p., 16 h. de lám. ; _c19 cm. |
||
| 490 | 1 | _aColección Keops | |
| 600 | 0 | 4 |
_aCatalina _bII _cEmperatriz de Rusia. _937041 |
| 700 | 1 |
_aGarcía Tolsá, Jesús _955332 |
|
| 700 | 1 |
_aBosch Barrett, Manuel. _930649 |
|
| 700 | 1 |
_aDini, Teresa. _944841 |
|
| 830 | 0 | 0 |
_aColección Keops _9181983 |
| 852 |
_aES-MaACL _jG-15948 _bR.61790 |
||
| 852 |
_aES-MaACL _jC-13879 _bR.40739 |
||
| 999 |
_c43307 _d43307 |
||